000 00861nam a22002057a 4500
999 _c19154
_d19154
003 AR-CdUCM
008 190516b ||||| |||| 00| 0 spa d
040 _aMUNICIPALIDAD PROVINCIAL DEL CUSCO
_cBIBLIOTECA MUNICIPAL DEL CUSCO
082 _a370.30 /
_bL96
100 _aLuna Arroyo, Antonio
_940335
245 _aComo se enseña las ciencias sociales :
_bEl concepto y la técnica de la enseñanza del civismo sus principales problemas pedagógicos /
260 _aMéxico :
_bAteneo,
_c1945.
300 _a183 páginas :
_c21 cm.
505 _aContenido : El desconcierto pedagógico acerca de la esencia y método de civismo -- Necesidad urgente de señalar el campo del civismo y su técnica ...
650 _aCiencias sociales
_91096
650 _aEnseñanza
_91616
650 _aAprendizaje
_92143
942 _2ddc
_cLIBROS
945 _arah
_d2019-05-16